LEADER 01306nas 2200421- 450 001 9910140826703321 005 20220520213023.0 011 $a2090-4754 035 $a(OCoLC)695411267 035 $a(CKB)2670000000036294 035 $a(CONSER)--2017236809 035 $a(DE-599)ZDB2573668-1 035 $a(EXLCZ)992670000000036294 100 $a20110106a20009999 s-- - 101 0 $aeng 135 $aur|n||||||||| 181 $ctxt$2rdacontent 182 $cc$2rdamedia 183 $acr$2rdacarrier 200 00$aEgyptian informatics journal 210 1$a[Giza, Egypt] :$cFaculty of Computers and Information, Cairo University,$d2010- 215 $a1 online resource 300 $aRefereed/Peer-reviewed 311 08$a1110-8665 531 0 $aEgypt. Informatics J. 606 $aInformation technology$zEgypt$vPeriodicals 606 $aInformatics 606 $aInformation technology$2fast$3(OCoLC)fst00973089 607 $aEgypt$2fast 608 $aPeriodicals.$2fast 615 0$aInformation technology 615 12$aInformatics. 615 7$aInformation technology. 712 02$aJ?mi?at al-Q?hirah.$bKull?yat al-?is?b?t wa-al-Ma?l?m?t, 906 $aJOURNAL 912 $a9910140826703321 996 $aEgyptian informatics journal$91897590 997 $aUNINA LEADER 01159oam 2200397zu 450 001 9910133925903321 005 20241212220317.0 010 $a1-4673-0216-3 035 $a(CKB)3360000000370816 035 $a(SSID)ssj0000702784 035 $a(PQKBManifestationID)12269133 035 $a(PQKBTitleCode)TC0000702784 035 $a(PQKBWorkID)10686327 035 $a(PQKB)11181050 035 $a(NjHacI)993360000000370816 035 $a(EXLCZ)993360000000370816 100 $a20160829d2011 uy 101 0 $aeng 135 $aur||||||||||| 181 $ctxt 182 $cc 183 $acr 200 10$a2011 IEEE Applied Imagery Pattern Recognition Workshop 210 31$a[Place of publication not identified]$cIEEE$d2011 215 $a1 online resource 300 $aBibliographic Level Mode of Issuance: Monograph 311 08$a1-4673-0215-5 606 $aOptical pattern recognition 615 0$aOptical pattern recognition. 676 $a006.42 702 $aieee 801 0$bPQKB 906 $aPROCEEDING 912 $a9910133925903321 996 $a2011 IEEE Applied Imagery Pattern Recognition Workshop$92415321 997 $aUNINA